| 000 | 00570nam a22002417a 4500 | ||
|---|---|---|---|
| 003 | UA-OsUOA | ||
| 001 | 31329 | ||
| 007 | ta | ||
| 008 | 20041210b un ||||| |||| 00| 0 ukr d | ||
| 090 |
_a32(477.42) _bХ98 |
||
| 942 | _cBK | ||
| 040 |
_aUA-OsUOA _bukr _cUA-OsUOA _dUA-OsUOA |
||
| 245 |
_aХто є хто на Житомирщині _bВидатні земляки |
||
| 300 | _a208 с. | ||
| 955 | _a0 | ||
| 041 | _aukr | ||
| 080 | _a32(477.42) | ||
| 020 | _a966-7953-02-5 | ||
| 260 |
_aКиїв _c2001 |
||
| 044 | _aUA | ||
| 650 | 7 | _2UDC | |
| 999 |
_c317752 _d317752 |
||